000 00752nam a2200265Ia 4500
003 OSt
005 20221005060152.0
006 a|||||r|||| 00| 0
007 ta
008 221004b |||||||| |||| 00| 0 eng d
020 _cIndian Rupees 00
024 _a69808
037 _bGift, 01/11/2021,
_cTextual
040 _aCRL
_cCRL
_beng
041 _2eng
_aeng
082 _aO111,3N55,SC, P1
100 _aGrisham John Au.
_9595800
245 0 _aSkipping christmas
260 _aLondon
_bQuality paperbacks Direct UK
_c2001
300 _a177p.
_ccm.
650 _a ENGLISH LITERATURE
650 _aENGLISH FICTION
942 _hO111,3N55,SC, P1
_cTEXL
_2cc
999 _c966260
_d966260